Conduct becoming saints : (Record no. 1152)
[ view plain ]
| 000 -LEADER | |
|---|---|
| fixed length control field | 00603nam a2200193Ki 4500 |
| 001 - CONTROL NUMBER | |
| control field | 6903318 |
| 003 - CONTROL NUMBER IDENTIFIER | |
| control field | OSt |
| 005 - DATE AND TIME OF LATEST TRANSACTION | |
| control field | 20180905132803.0 |
| 008 - FIXED-LENGTH DATA ELEMENTS--GENERAL INFORMATION | |
| fixed length control field | 801105s1978 ilu 000 0 eng d |
| 040 ## - CATALOGING SOURCE | |
| Original cataloging agency | CDC |
| Transcribing agency | CDC |
| 082 ## - DEWEY DECIMAL CLASSIFICATION NUMBER | |
| Classification number | 227.207 |
| Item number | W439C |
| 092 ## - LOCALLY ASSIGNED DEWEY CALL NUMBER (OCLC) | |
| Classification number | 227.2 |
| Item number | W442C |
| 100 1# - MAIN ENTRY--PERSONAL NAME | |
| Personal name | Welch, W. Wilbert, |
| Dates associated with a name | 1918- |
| 245 10 - TITLE STATEMENT | |
| Title | Conduct becoming saints : |
| Remainder of title | the book of 1 Corinthians (part 1)& (part 2) / |
| Statement of responsibility, etc. | by W. Wilbert Welch |
| 260 ## - PUBLICATION, DISTRIBUTION, ETC. | |
| Place of publication, distribution, etc. | Schaumburg, Ill. : |
| Name of publisher, distributor, etc. | Regular Baptist Press, |
| Date of publication, distribution, etc. | c1978 |
| 300 ## - PHYSICAL DESCRIPTION | |
| Extent | 126 p. ; |
| Dimensions | 18 cm |
| 630 00 - SUBJECT ADDED ENTRY--UNIFORM TITLE | |
| Uniform title | Bible. |
| Name of part/section of a work | Corinthians, 1st |
| General subdivision | Study and teaching |
| -- | Textbooks |
| 942 ## - ADDED ENTRY ELEMENTS (KOHA) | |
| Source of classification or shelving scheme | Dewey Decimal Classification |
| Koha item type | Books |
| Withdrawn status | Lost status | Source of classification or shelving scheme | Damaged status | Not for loan | Collection code | Home library | Current library | Shelving location | Date acquired | Total Checkouts | Full call number | Barcode | Date last seen | Price effective from | Koha item type |
|---|---|---|---|---|---|---|---|---|---|---|---|---|---|---|---|
| Dewey Decimal Classification | Non-fiction | Harvest Mission College | Harvest Mission College | General Stacks | 05.09.2018 | 227.207 W439C | 003647 | 05.09.2018 | 05.09.2018 | Books | |||||
| Dewey Decimal Classification | Non-fiction | Harvest Mission College | Harvest Mission College | General Stacks | 05.09.2018 | 227.207 W439C | 003648 | 05.09.2018 | 05.09.2018 | Books |
